Assemblee generale ordinaire
محفوظ في:
| المؤلف الرئيسي: | |
|---|---|
| التنسيق: | كتاب |
| اللغة: | Undetermined |
| منشور في: |
Paris
Groupement des Industries Francaises Aeronautique et Spatiales
1975
|
| الموضوعات: | |
| الوسوم: |
إضافة وسم
لا توجد وسوم, كن أول من يضع وسما على هذه التسجيلة!
|
| Thư viện lưu trữ: | Trung tâm Học liệu Trường Đại học Cần Thơ |
|---|
| LEADER | 00562nam a2200193Ia 4500 | ||
|---|---|---|---|
| 001 | CTU_82611 | ||
| 008 | 210402s9999 xx 000 0 und d | ||
| 082 | |a 629.1 | ||
| 082 | |b P861 | ||
| 100 | |a Potez, Henry | ||
| 245 | 0 | |a Assemblee generale ordinaire | |
| 245 | 0 | |c Henry Pote | |
| 260 | |a Paris | ||
| 260 | |b Groupement des Industries Francaises Aeronautique et Spatiales | ||
| 260 | |c 1975 | ||
| 650 | |a Aerospace industries | ||
| 904 | |i QHieu(sửa) | ||
| 910 | |a Sửa Cutter thành P861 | ||
| 980 | |a Trung tâm Học liệu Trường Đại học Cần Thơ | ||